| 000 | 00000nam##2200000za#4500 |
| 001 | 9.581472 |
| 003 | CaOODSP |
| 005 | 20210624191530 |
| 007 | cr ||||||||||| |
| 008 | 150406|2015||||xxc|||||o f|0| 0 eng|d |
| 022 | |a1925-6493 |
| 040 | |aCaOODSP|beng |
| 043 | |an-cn--- |
| 086 | 1 |aCS82-624/2015001-1E-PDF |
| 245 | 00|aTrends in the incidence and mortality of female reproductive system cancers / |h[electronic resource]|cby Tanya Navaneelan. |
| 260 | |aOttawa - Ontario : |bStatistics Canada |cRelease date: February 17, 2015. |
| 300 | |a9p.|bgraphs, references, tables |
| 490 | 1 |aHealth at a glance|x1925-6493 |
| 590 | |a15-08|b2015-02-20 |
| 710 | 2 |aStatistics Canada. |
| 775 | 08|tCancers de l'appareil reproducteur féminin - tendances de l'incidence et de la mortalité / |w(CaOODSP)9.608285 |
| 830 | #0|aHealth at a glance,|x1925-6493|w(CaOODSP)9.506361 |
| 856 | 40|ahttp://publications.gc.ca|qPDF|s2.55 MB|uhttps://publications.gc.ca/collections/collection_2015/statcan/82-624-x/CS82-624-x2015001-1-eng.pdf |